Chinese business etiquette : (Record no. 554467)
[ view plain ]
| 000 -LEADER | |
|---|---|
| fixed length control field | 00924pam a2200229 a 4500 |
| 020 ## - INTERNATIONAL STANDARD BOOK NUMBER | |
| International Standard Book Number | 0446673877 |
| 082 00 - DEWEY DECIMAL CLASSIFICATION NUMBER | |
| Classification number | 306/.0951 |
| 100 1# - MAIN ENTRY--PERSONAL NAME | |
| Personal name | Seligman, Scott D. |
| 245 10 - TITLE STATEMENT | |
| Title | Chinese business etiquette : |
| Remainder of title | a guide to protocol, manners, and culture in the People's Republic of China / |
| Statement of responsibility, etc. | Scott D. Seligman ; foreword by Robert A. Kapp ; illustrations by Edward J. Trenn. |
| 260 ## - PUBLICATION, DISTRIBUTION, ETC. | |
| Place of publication, distribution, etc. | New York : |
| Name of publisher, distributor, etc. | Grand Central Publishing |
| Date of publication, distribution, etc. | c1999. |
| 300 ## - PHYSICAL DESCRIPTION | |
| Extent | xxi, 281 p. ; |
| Dimensions | 20 cm. |
| 650 #0 - SUBJECT ADDED ENTRY--TOPICAL TERM | |
| Topical term or geographic name entry element | Business etiquette |
| 650 #0 - SUBJECT ADDED ENTRY--TOPICAL TERM | |
| Topical term or geographic name entry element | Corporations, Foreign |
| 700 1# - ADDED ENTRY--PERSONAL NAME | |
| Personal name | Seligman, Scott D. |
| 942 ## - ADDED ENTRY ELEMENTS (KOHA) | |
| Source of classification or shelving scheme | |
| Koha item type | Book |
| 650 #0 - SUBJECT ADDED ENTRY--TOPICAL TERM | |
| -- | 51965 |
| 650 #0 - SUBJECT ADDED ENTRY--TOPICAL TERM | |
| -- | 51966 |
| 700 1# - ADDED ENTRY--PERSONAL NAME | |
| -- | 51964 |
| Withdrawn status | Lost status | Source of classification or shelving scheme | Damaged status | Not for loan | Permanent Location | Current Location | Shelving location | Date acquired | Source of acquisition | Full call number | Barcode | Date last seen | Price effective from | Koha item type |
|---|---|---|---|---|---|---|---|---|---|---|---|---|---|---|
| Central Library (CL) | Central Library (CL) | Chinese Studies | 03/29/2021 | Allied Book Company | 306/.0951 SEL | CL-510 | 03/29/2021 | 03/29/2021 | Book |
